Normal view
MARC view
- الكناني، أبي الحسن عبد العزيز بن يحيى بن عبد العزيز ابن مسلم بن ميمون الكناني المكي
Entry Personal Name
001 - CONTROL NUMBER
- control field: 49114
003 - CONTROL NUMBER IDENTIFIER
- control field: JO-AjAnu
005 - DATE AND TIME OF LATEST TRANSACTION
- control field: 20230606082109.0
008 - FIXED-LENGTH DATA ELEMENTS
- fixed length control field: 230606|| aca||aabn | a|a d
040 ## - CATALOGING SOURCE
- Original cataloging agency: JO-AjAnu
- Transcribing agency: JO-AjAnu
100 ## - HEADING--PERSONAL NAME
- Personal name: الكناني، أبي الحسن عبد العزيز بن يحيى بن عبد العزيز ابن مسلم بن ميمون الكناني المكي
670 ## - SOURCE DATA FOUND
- Source citation: Work cat.: (JO-AjAnu)25120: الكناني، أبي الحسن عبد العزيز بن يحيى بن عبد العزيز ابن مسلم بن ميمون الكناني المكي, author, الحيدة والاعتذار في الرد من قال بخلق القرآن